| 000 | 00641cam a2200277ua 4500 | ||
|---|---|---|---|
| 041 |
_aeng _h |
||
| 082 |
_a531.2 _bRAM/ST |
||
| 100 | _aRamsey, A.S. | ||
| 245 |
_aStatics / _cA.S.Ramsey. _hTextual Documents |
||
| 250 |
_a2 / _b. |
||
| 260 |
_aCambridge : _bCambridge University Press , _c1965. |
||
| 300 | _a296 ; . | ||
| 504 | _a | ||
| 942 | _cBK | ||
| 999 |
_c8820 _d8820 |
||